María Aurora Campos (Record no. 13171)

MARC details
000 -CABECERA
campo de control de longitud fija 01142nam a2200301 4500
003 - IDENTIFICADOR DEL NÚMERO DE CONTROL
campo de control OSt
005 - FECHA Y HORA DE LA ÚLTIMA TRANSACCIÓN
campo de control 20260530115307.0
008 - DATOS DE LONGITUD FIJA--INFORMACIÓN GENERAL
campo de control de longitud fija 260506b2005 mx ||||| |||| 00| 0 spa d
040 ## - FUENTE DE LA CATALOGACIÓN
Centro catalogador/agencia de origen ICI
Lengua de catalogación SPA
Centro/agencia transcriptor ICI
041 ## - CÓDIGO DE LENGUA
Código de lengua del texto/banda sonora o título independiente spa
050 ## - SIGNATURA TOPOGRÁFICA DE LA BIBLIOTECA DEL CONGRESO
Número de clasificación NK1414.Z9
Número de documento/Ítem C36
100 1# - ENTRADA PRINCIPAL--NOMBRE DE PERSONA
Nombre de persona Campos, María Aurora
Término indicativo de función/relación artista
9 (RLIN) 32245
245 10 - MENCIÓN DE TÍTULO
Título María Aurora Campos
Mención de responsabilidad, etc. coordinación editorial Eugenia González
264 #1 - PRODUCCIÓN, PUBLICACIÓN, DISTRIBUCIÓN, FABRICACIÓN Y COPYRIGHT
Producción, publicación, distribución, fabricación y copyright [México] :
Nombre del de productor, editor, distribuidor, fabricante Biblioteca de Diseño Quórum,
Fecha de producción, publicación, distribución, fabricación o copyright [2005]
300 ## - DESCRIPCIÓN FÍSICA
Extensión 59 páginas :
Otras características físicas ilustraciones, retratos
336 ## - TIPO DE CONTENIDO
Término de tipo de contenido texto
Fuente rdacontent
337 ## - TIPO DE MEDIO
Nombre/término del tipo de medio sin medio
Fuente rdamedia
338 ## - TIPO DE SOPORTE
Nombre/término del tipo de soporte volumen
Fuente rdacarrier
600 1# - PUNTO DE ACCESO ADICIONAL DE MATERIA--NOMBRE DE PERSONA
Nombre de persona Campos, María Aurora
Subdivisión general Crítica e interpretación
9 (RLIN) 32246
700 1# - PUNTO DE ACCESO ADICIONAL--NOMBRE DE PERSONA
Nombre de persona González, Eugenia,
Término indicativo de función/relación editor
9 (RLIN) 32247
700 1# - PUNTO DE ACCESO ADICIONAL--NOMBRE DE PERSONA
Nombre de persona García Pablo / Retorno Tassier
Término indicativo de función/relación Diseño
9 (RLIN) 32248
700 1# - PUNTO DE ACCESO ADICIONAL--NOMBRE DE PERSONA
Nombre de persona Escamilla Denise
Término indicativo de función/relación Fotografía de proyectos
9 (RLIN) 32249
700 1# - PUNTO DE ACCESO ADICIONAL--NOMBRE DE PERSONA
Nombre de persona Díaz de Casanova Mariana
Término indicativo de función/relación Corrección de estilo
9 (RLIN) 32250
700 1# - PUNTO DE ACCESO ADICIONAL--NOMBRE DE PERSONA
Nombre de persona Martínez Víctor
Término indicativo de función/relación Ilustración pag 2
9 (RLIN) 32251
700 1# - PUNTO DE ACCESO ADICIONAL--NOMBRE DE PERSONA
Nombre de persona Comité XV Premio Quórum
Término indicativo de función/relación Edición
9 (RLIN) 32252
700 1# - PUNTO DE ACCESO ADICIONAL--NOMBRE DE PERSONA
Nombre de persona CENVEO Houston & Los Angeles
Término indicativo de función/relación Impresión
9 (RLIN) 32253
942 ## - ELEMENTOS DE PUNTO DE ACCESO ADICIONAL (KOHA)
Fuente del sistema de clasificación o colocación Library of Congress Classification
Tipo de ítem Koha
Suprimir en OPAC 1

No items available.